[Event "IV Trofeo Giorgio Porreca A"]
[Site "Napoli ITA"]
[Date "2014.11.06"]
[Round "6"]
[White "Messina, Enrico"]
[Black "Zinnai, Graziano Matteo"]
[Result "1-0"]
[WhiteElo "2135"]
[BlackElo "2082"]
[PlyCount "103"]
[EventDate "2014.09.25"]

1. e4 c5 2. d4 cxd4 3. c3 d5 4. exd5 Qxd5 5. cxd4 Nc6 6. Nf3 e6 7. Nc3 Qd8 8.
Bd3 Nf6 9. O-O Be7 10. Qe2 Nb4 11. Bb5+ Kf8 12. Bg5 a6 13. Bc4 b5 14. Bb3 Nbd5
15. Ne5 Bb7 16. Rac1 h6 17. Bh4 Nf4 18. Qd2 g5 19. Bg3 N6h5 20. f3 b4 21. Ne4
Qxd4+ 22. Qxd4 Ne2+ 23. Kh1 Nhxg3+ 24. hxg3 Nxd4 25. Rc7 Bd5 26. Nd7+ Kg7 27.
Nb6 Rae8 28. Bxd5 Bd8 29. Rb7 Bxb6 30. Bc4 Rb8 31. Rxb8 Rxb8 32. Bxa6 f5 33.
Nd2 Bc7 34. f4 Ne2 35. Bxe2 g4 36. Bc4 Kf6 37. Bb3 h5 38. Nc4 Rh8 39. Rd1 h4
40. Kh2 Kg6 41. Rd7 Bd8 42. Ne5+ Kh5 43. gxh4 Bxh4 44. g3 Bf6 45. Bxe6 Bxe5 46.
fxe5 Kg5+ 47. Kg2 Re8 48. Rd6 f4 49. Bf7 Rc8 50. gxf4+ Kxf4 51. Rd4+ Kxe5 52.
Rxg4 1-0

[Event "IV Trofeo Giorgio Porreca A"]
[Site "Napoli ITA"]
[Date "2014.11.06"]
[Round "6"]
[White "Esposito, Luca"]
[Black "Lombardo, Michele"]
[Result "1-0"]
[WhiteElo "2195"]
[BlackElo "2052"]
[PlyCount "63"]
[EventDate "2014.09.25"]

1. d4 g6 2. c4 Bg7 3. e4 d6 4. Nc3 Nf6 5. f3 O-O 6. Be3 e5 7. Nge2 Nc6 8. d5
Ne7 9. Qd2 Ne8 10. g4 f5 11. gxf5 gxf5 12. O-O-O f4 13. Bf2 Bf6 14. Kb1 Ng6 15.
Nc1 Bh4 16. c5 a6 17. Nb3 b5 18. Na5 Bd7 19. Nc6 Qf6 20. a4 bxa4 21. Nxa4 Bxf2
22. Qxf2 Bxc6 23. dxc6 a5 24. Bh3 dxc5 25. Nxc5 Qxc6 26. Be6+ Kh8 27. Bd5 Qb5
28. Bxa8 c6 29. Rd8 a4 30. Rc1 a3 31. Ne6 Rg8 32. Bxc6 1-0

[Event "IV Trofeo Giorgio Porreca A"]
[Site "Napoli ITA"]
[Date "2014.11.06"]
[Round "6"]
[White "Buiano, Fabio"]
[Black "Ficco, Corrado"]
[Result "1-0"]
[WhiteElo "2083"]
[BlackElo "2027"]
[PlyCount "71"]
[EventDate "2014.09.25"]

1. e4 c5 2. Nc3 e6 3. f4 Nc6 4. Nf3 a6 5. g3 d5 6. d3 Nf6 7. e5 Nd7 8. Bg2 b5
9. O-O b4 10. Ne2 a5 11. g4 Bb7 12. Ng3 Qc7 13. Rf2 O-O-O 14. c3 Kb8 15. a3 Qb6
16. Ng5 Rc8 17. Nxf7 Rg8 18. Ng5 Nd8 19. Nxh7 Be7 20. d4 cxd4 21. cxd4 Nc6 22.
Be3 Ba6 23. Qd2 Rh8 24. Ng5 Bxg5 25. fxg5 Rcf8 26. Nh5 Rxf2 27. Bxf2 Rg8 28.
Nf4 Nf8 29. Rc1 Rh8 30. Qc2 Bb7 31. Bf1 g6 32. axb4 axb4 33. Qa4 Nh7 34. Nxe6
Nxg5 35. Nxg5 Nxd4 36. Qd1 1-0

[Event "IV Trofeo Giorgio Porreca A"]
[Site "Napoli ITA"]
[Date "2014.11.06"]
[Round "6"]
[White "Auletta, Angelo"]
[Black "Melchior, Alex"]
[Result "1-0"]
[WhiteElo "2168"]
[BlackElo "1920"]
[PlyCount "95"]
[EventDate "2014.09.25"]

1. e4 c5 2. Nf3 d6 3. d4 cxd4 4. Nxd4 Nf6 5. Nc3 a6 6. h3 e6 7. g4 b5 8. Bg2
Bb7 9. g5 Nfd7 10. Be3 Nb6 11. a3 N8d7 12. O-O Be7 13. Qg4 Ne5 14. Qg3 Nbc4 15.
Bc1 Qb6 16. Nde2 O-O-O 17. b3 Na5 18. Be3 Qc7 19. f4 Ng6 20. Qf2 Nc6 21. Bb6
Qd7 22. Bxd8 Bxd8 23. b4 h6 24. gxh6 Rxh6 25. a4 Nh4 26. axb5 axb5 27. Bh1 f5
28. Rfd1 e5 29. Nxb5 fxe4 30. Bxe4 Qxh3 31. Ra3 Nf3+ 32. Qxf3 Bb6+ 33. Ned4
Qxf3 34. Bxf3 Nxd4 35. Bxb7+ Kxb7 36. Nxd4 Bxd4+ 37. Kg2 Rg6+ 38. Rg3 Rxg3+ 39.
Kxg3 exf4+ 40. Kxf4 Be5+ 41. Ke4 Kc6 42. c4 g5 43. Kf5 Bf4 44. Rd5 Kc7 45. Kg4
Kc6 46. Rxg5 Bd2 47. Rb5 Bc3 48. Kf5 1-0

[Event "IV Trofeo Giorgio Porreca A"]
[Site "Napoli ITA"]
[Date "2014.11.06"]
[Round "6"]
[White "Somma, Andrea"]
[Black "Supino, Domenico"]
[Result "1-0"]
[WhiteElo "1866"]
[BlackElo "2059"]
[PlyCount "89"]
[EventDate "2014.09.25"]

1. e4 Nf6 2. d3 e5 3. Nf3 Nc6 4. Be2 d5 5. Nbd2 g6 6. O-O Bg7 7. Re1 O-O 8. Bf1
Re8 9. c3 a5 10. a4 b6 11. Qc2 h6 12. Nb3 Bb7 13. Be3 Qc8 14. Rad1 dxe4 15.
dxe4 Qg4 16. h3 Qe6 17. Nbd2 Ba6 18. Bxa6 Rxa6 19. b3 Raa8 20. Nc4 Rad8 21. Na3
Qe7 22. Nb5 Nb8 23. Bc1 c5 24. Nd2 Qb7 25. f3 Re6 26. Nc4 Rxd1 27. Rxd1 Nc6 28.
Rd3 Ne8 29. Qd1 Nb8 30. Rd8 Kh7 31. Qd2 Re7 32. Rxe8 Rxe8 33. Nbd6 Qe7 34. Nxe8
Qxe8 35. Nxb6 Qe6 36. Nc4 Nc6 37. Qd6 Qxd6 38. Nxd6 Kg8 39. Ba3 Nd4 40. cxd4
cxd4 41. Nc4 h5 42. Bc1 Bf8 43. Nxa5 Bb4 44. Nc4 Kf8 45. Ba3 1-0

[Event "IV Trofeo Giorgio Porreca A"]
[Site "Napoli ITA"]
[Date "2014.11.06"]
[Round "6"]
[White "Cosenza, Gianni"]
[Black "Gonzini, Gianmaria"]
[Result "1/2-1/2"]
[WhiteElo "1946"]
[BlackElo "1967"]
[PlyCount "37"]
[EventDate "2014.09.25"]

1. e4 b6 2. d4 Bb7 3. Bd3 Nf6 4. Qe2 Nc6 5. c3 e5 6. d5 Ne7 7. Nf3 Ng6 8. h4 h5
9. g3 Ng4 10. Nh2 Nxh2 11. Rxh2 c6 12. c4 Qc7 13. Nc3 Bb4 14. Bd2 Bxc3 15. Bxc3
c5 16. a4 a5 17. Kd2 O-O-O 18. Qe3 f6 19. Ra3 1/2-1/2

[Event "IV Trofeo Giorgio Porreca A"]
[Site "Napoli ITA"]
[Date "2014.11.06"]
[Round "6"]
[White "Ghiani, Marco"]
[Black "Di Meo, Antonio"]
[Result "0-1"]
[WhiteElo "1683"]
[BlackElo "1874"]
[PlyCount "38"]
[EventDate "2014.09.25"]

1. d4 d5 2. c4 e5 3. cxd5 e4 4. Nc3 Nf6 5. Bg5 Bf5 6. e3 Be7 7. Qb3 Nbd7 8. f3
O-O 9. fxe4 Nxe4 10. Nxe4 Bxe4 11. Bxe7 Qxe7 12. Nf3 Rfe8 13. Kd2 Nb6 14. Bc4
Nxc4+ 15. Qxc4 Bxf3 16. gxf3 Qxe3+ 17. Kc2 Qf2+ 18. Kb3 Re3+ 19. Ka4 Qxb2 0-1

[Event "IV Trofeo Giorgio Porreca A"]
[Site "Napoli ITA"]
[Date "2014.11.06"]
[Round "6"]
[White "Di Gennaro, Antonio"]
[Black "Caiazzo, Diego"]
[Result "1/2-1/2"]
[WhiteElo "1666"]
[BlackElo "1754"]
[PlyCount "54"]
[EventDate "2014.09.25"]

1. e4 e6 2. d4 d5 3. Nc3 dxe4 4. Nxe4 Nd7 5. Nf3 Ngf6 6. Bg5 Be7 7. Nxf6+ Nxf6
8. Bd3 O-O 9. Qe2 c5 10. O-O-O Qa5 11. Kb1 cxd4 12. Bxf6 Bxf6 13. Qe4 g6 14.
Qf4 Bg7 15. Rde1 Bd7 16. h4 Bc6 17. h5 Bxf3 18. Qxf3 Qb6 19. hxg6 fxg6 20. Qh3
Rf6 21. Qxh7+ Kf7 22. Qh3 Rh8 23. Qg3 Rxh1 24. Rxh1 Qd8 25. Rh4 Qa5 26. Rh1 Qb6
27. Rh4 Qa5 1/2-1/2

[Event "IV Trofeo Giorgio Porreca A"]
[Site "Napoli ITA"]
[Date "2014.11.06"]
[Round "6"]
[White "Auletta, Pasquale"]
[Black "Soave, Vittorio"]
[Result "1/2-1/2"]
[WhiteElo "1606"]
[BlackElo "1658"]
[PlyCount "72"]
[EventDate "2014.09.25"]

1. f4 Nc6 2. e4 d6 3. d4 e6 4. Nf3 Nf6 5. e5 dxe5 6. fxe5 Nd5 7. c4 Bb4+ 8. Bd2
Ne3 9. Qb3 Bxd2+ 10. Kxd2 Nxd4 11. Qxe3 Nxf3+ 12. Kc3 Nh4 13. Bd3 Nf5 14. Qf4
c5 15. Nd2 Qd4+ 16. Qxd4 Nxd4 17. Ne4 O-O 18. Nxc5 Nc6 19. Rae1 b6 20. Be4 bxc5
21. Bxc6 Rb8 22. Rd1 Bb7 23. Bxb7 Rxb7 24. Rd6 Rfb8 25. Rhd1 Kf8 26. Rd8+ Ke7
27. Rxb8 Rxb8 28. Rd6 Rb6 29. Rxb6 axb6 30. a3 f6 31. exf6+ gxf6 32. b4 Kd6 33.
Kd3 f5 34. h3 h5 35. g3 e5 36. Ke3 Kc6 1/2-1/2

[Event "IV Trofeo Giorgio Porreca A"]
[Site "Napoli ITA"]
[Date "2014.11.06"]
[Round "6"]
[White "Schiappoli, Dario"]
[Black "Capozzoli, Silvio"]
[Result "1-0"]
[WhiteElo "1882"]
[BlackElo "1641"]
[PlyCount "100"]
[EventDate "2014.09.25"]

1. e4 g6 2. d4 Bg7 3. Nc3 e6 4. Bc4 Ne7 5. Bg5 h6 6. Bh4 g5 7. Bg3 d6 8. h4
Nbc6 9. hxg5 hxg5 10. Rxh8+ Bxh8 11. Qh5 Ng6 12. O-O-O Qe7 13. Nf3 Bd7 14. d5
Bxc3 15. bxc3 Na5 16. Bf1 O-O-O 17. Qxg5 Qxg5+ 18. Nxg5 e5 19. Nxf7 Rf8 20. Ng5
b5 21. Rd3 Nb7 22. Rf3 Nc5 23. Rxf8+ Nxf8 24. f3 a5 25. Bf2 Na4 26. Kd2 Nb2 27.
Kc1 Na4 28. c4 b4 29. Nf7 Nc3 30. Be1 Nxa2+ 31. Kb2 Nc3 32. Bxc3 bxc3+ 33. Kxc3
Ba4 34. c5 Kd7 35. cxd6 cxd6 36. Bd3 Kc7 37. Kb2 Nd7 38. Ka3 Nc5 39. g4 Be8 40.
Nh6 a4 41. Nf5 Bd7 42. Kb4 Nxd3+ 43. cxd3 Be8 44. d4 exd4 45. Nxd4 Kb6 46. g5
Kc7 47. f4 Kd8 48. Nc6+ Kc7 49. Kxa4 Bxc6+ 50. dxc6 Kxc6 1-0

[Event "IV Trofeo Giorgio Porreca B"]
[Site "Napoli ITA"]
[Date "2014.10.09"]
[Round "2"]
[White "Esposito, Luigi"]
[Black "Mayer, Carlo"]
[Result "1-0"]
[WhiteElo "1368"]
[BlackElo "1392"]
[PlyCount "75"]
[EventDate "2014.10.02"]

1. Nf3 Nc6 2. g3 Nf6 3. Bg2 e5 4. e4 Nxe4 5. d3 Nf6 6. O-O Bd6 7. Re1 O-O 8. c3
Qe8 9. d4 e4 10. Ng5 h6 11. Bxe4 hxg5 12. Bh7+ Nxh7 13. Rxe8 Rxe8 14. Nd2 b6
15. Nf3 Ne7 16. Qd3 Ng6 17. Bxg5 Bb7 18. Bd2 Re6 19. d5 Ne5 20. Nxe5 Rxe5 21.
c4 Rae8 22. b3 Bc5 23. b4 Bd6 24. Bc3 Re2 25. Qf3 Ba6 26. Qg4 g6 27. a4 R2e4
28. Qxd7 Bxc4 29. Rd1 Bxg3 30. hxg3 R8e7 31. Qd8+ Nf8 32. Qa8 Bb3 33. d6 cxd6
34. Rxd6 Bxa4 35. Rd8 Re8 36. Rxe8 Rxe8 37. Qxa7 Re6 38. Qxa4 1-0

[Event "IV Trofeo Giorgio Porreca B"]
[Site "Napoli ITA"]
[Date "2014.10.16"]
[Round "3"]
[White "Di Giovine, Massimo"]
[Black "Buonanno, Matteo Giovanni"]
[Result "1-0"]
[WhiteElo "1413"]
[BlackElo "1345"]
[PlyCount "83"]
[EventDate "2014.10.02"]

1. d4 Nf6 2. c4 g6 3. Nc3 Bg7 4. e3 d6 5. h3 b6 6. Be2 Bb7 7. Bf3 Nc6 8. a3 Qd7
9. Nge2 Rb8 10. O-O O-O 11. b4 a6 12. Rb1 e6 13. b5 axb5 14. cxb5 Na7 15. Bxb7
Rxb7 16. a4 Rc8 17. Ba3 Rbb8 18. d5 exd5 19. Nxd5 Nxd5 20. Qxd5 Bf8 21. Bb2 c6
22. Qd4 f6 23. bxc6 Nxc6 24. Qxf6 Bg7 25. Qf3 Ne5 26. Qd5+ Kh8 27. Rfd1 Nf7 28.
Bxg7+ Kxg7 29. Qd4+ Kg8 30. Ng3 b5 31. axb5 Rxb5 32. Ne4 Rxb1 33. Rxb1 d5 34.
Nf6+ Kf8 35. Nxd7+ Ke7 36. Rb7 Rc1+ 37. Kh2 Ng5 38. Qf6+ Ke8 39. Qxg5 Rc2 40.
Nf6+ Kd8 41. Qxd5+ Kc8 42. Qd7# 1-0

[Event "IV Trofeo Giorgio Porreca B"]
[Site "Napoli ITA"]
[Date "2014.10.16"]
[Round "3"]
[White "Tassaro, Renato"]
[Black "Esposito, Luigi"]
[Result "1-0"]
[WhiteElo "1476"]
[BlackElo "1368"]
[PlyCount "85"]
[EventDate "2014.10.02"]

1. d4 Nf6 2. c4 e6 3. a3 d5 4. Nc3 c6 5. Nf3 Nbd7 6. Bf4 b6 7. e3 Be7 8. Bd3
Bb7 9. O-O O-O 10. Qc2 g6 11. Rfe1 h6 12. Bxh6 Re8 13. Bxg6 Nf8 14. Bd3 Ng4 15.
Bf4 Bd6 16. h3 Bxf4 17. exf4 Nf6 18. Ne5 Re7 19. Re3 N8h7 20. Rg3+ Kh8 21. Re1
Rc7 22. Ng4 Qd6 23. Re5 Ba6 24. Qd2 Qf8 25. Bxh7 Nxh7 26. Rh5 f6 27. Qc2 f5 28.
Ne5 Qe8 29. Rgg5 Rg7 30. Qe2 Rxg5 31. fxg5 Kg8 32. g4 Rc8 33. g6 Nf6 34. Rh6
Rc7 35. Qe3 Bxc4 36. Qg5 Qf8 37. Nf7 Ne8 38. Rh8+ Kg7 39. Qh6+ Kf6 40. Rxf8 Bd3
41. Ne5+ Ke7 42. Rf7+ Kd6 43. Qf8+ 1-0

[Event "IV Trofeo Giorgio Porreca B"]
[Site "Napoli ITA"]
[Date "2014.10.16"]
[Round "3"]
[White "Mayer, Carlo"]
[Black "Pellegrino, Laura"]
[Result "0-1"]
[WhiteElo "1392"]
[BlackElo "1365"]
[PlyCount "58"]
[EventDate "2014.10.02"]

1. e4 d6 2. Nc3 Nf6 3. Nf3 Nbd7 4. Bc4 e5 5. d3 Be7 6. Ng5 O-O 7. O-O h6 8.
Nxf7 Rxf7 9. Bxf7+ Kxf7 10. Nd5 Nxd5 11. exd5 Nf6 12. Qf3 Kg8 13. Qg3 Kh7 14.
c4 c6 15. d4 cxd5 16. Qd3+ Kh8 17. dxe5 dxe5 18. cxd5 Nxd5 19. Re1 Bf6 20. Be3
Be6 21. Qb3 Bg5 22. Bxg5 Qxg5 23. Qxb7 Rf8 24. Qxa7 Qd2 25. Rxe5 Qxb2 26. Rae1
Nc7 27. Qxc7 Qxf2+ 28. Kh1 Qf1+ 29. Rxf1 Rxf1# 0-1

[Event "IV Trofeo Giorgio Porreca B"]
[Site "Napoli ITA"]
[Date "2014.10.23"]
[Round "4"]
[White "Tassaro, Renato"]
[Black "Di Giovine, Massimo"]
[Result "1/2-1/2"]
[WhiteElo "1476"]
[BlackElo "1413"]
[PlyCount "142"]
[EventDate "2014.10.02"]

1. d4 d5 2. c4 c6 3. Nc3 e6 4. Nf3 Nf6 5. a3 Be7 6. Bf4 Nbd7 7. e3 O-O 8. Bd3
c5 9. O-O dxc4 10. Bxc4 a6 11. Qc2 b5 12. Bd3 Bb7 13. e4 cxd4 14. Ne2 Rc8 15.
Qd2 Nxe4 16. Bxe4 Bxe4 17. Ne5 Nxe5 18. Bxe5 Bf6 19. Bxd4 Bxd4 20. Nxd4 e5 21.
Nb3 Qxd2 22. Nxd2 Bg6 23. Rac1 f5 24. b4 Bf7 25. Nf3 e4 26. Nd4 Bc4 27. Rfe1 g6
28. g3 Rfe8 29. Nc2 Rcd8 30. Ne3 Rd4 31. Rc3 Rd3 32. Rec1 Rxc3 33. Rxc3 Kf7 34.
Nxc4 bxc4 35. Rxc4 e3 36. fxe3 Rxe3 37. a4 Re6 38. Kf2 Kf6 39. Kf3 g5 40. h3 h5
41. g4 hxg4+ 42. hxg4 fxg4+ 43. Kxg4 Kg6 44. b5 Kf7 45. Kxg5 Re5+ 46. Kf4 Re6
47. Kf5 axb5 48. axb5 Rb6 49. Rb4 Ke7 50. Ke5 Kd7 51. Kd5 Kc7 52. Kc5 Kb7 53.
Rd4 Rg6 54. Rd5 Rf6 55. Re5 Rf7 56. Kb4 Rf6 57. Ka5 Rf7 58. Rc5 Rf6 59. Rd5 Kc7
60. Rg5 Rf7 61. Rg6 Kb7 62. Rb6+ Ka8 63. Kb4 Ka7 64. Re6 Rb7 65. Ra6+ Kb8 66.
b6 Rf7 67. Kb5 Rf8 68. Kc6 Rf6+ 69. Kb5 Rf5+ 70. Kc4 Kb7 71. Ra3 Kxb6 {...}
1/2-1/2

[Event "IV Trofeo Giorgio Porreca B"]
[Site "Napoli ITA"]
[Date "2014.10.23"]
[Round "4"]
[White "Baccelliere, Donato"]
[Black "Buonanno, Matteo Giovanni"]
[Result "1-0"]
[WhiteElo "1482"]
[BlackElo "1345"]
[PlyCount "63"]
[EventDate "2014.10.02"]

1. e4 c5 2. Nf3 d6 3. Nc3 Nf6 4. Bc4 e6 5. O-O Be7 6. d3 O-O 7. Re1 Nc6 8. Kh1
a6 9. a3 b5 10. Ba2 Qc7 11. d4 cxd4 12. Nxd4 Nxd4 13. Qxd4 e5 14. Qe3 Rd8 15.
Bb3 Bb7 16. Nd5 Nxd5 17. exd5 Rac8 18. f4 f6 19. fxe5 fxe5 20. Qg3 Bf8 21. Rxe5
g6 22. Bg5 Re8 23. Re6 Rxe6 24. dxe6 Qc6 25. e7+ Kg7 26. exf8=Q+ Rxf8 27. Be3
h6 28. c3 Re8 29. h4 Kh7 30. Bc2 Rxe3 31. Qxg6+ Kh8 32. Qh7# 1-0

[Event "IV Trofeo Giorgio Porreca B"]
[Site "Napoli ITA"]
[Date "2014.10.23"]
[Round "4"]
[White "Mayer, Carlo"]
[Black "Pesce, Giuseppe"]
[Result "0-1"]
[WhiteElo "1392"]
[BlackElo "1317"]
[PlyCount "26"]
[EventDate "2014.10.02"]

1. e4 e5 2. Nf3 Nc6 3. Nc3 Bc5 4. Nd5 Nf6 5. Bc4 O-O 6. d3 Ng4 7. O-O d6 8. h3
Nd4 9. hxg4 Bxg4 10. Bg5 Qd7 11. Qd2 Nxf3+ 12. gxf3 Bxf3 13. Ne3 Qh3 0-1

[Event "IV Trofeo Giorgio Porreca B"]
[Site "Napoli ITA"]
[Date "2014.11.06"]
[Round "5"]
[White "Baccelliere, Donato"]
[Black "Tassaro, Renato"]
[Result "0-1"]
[WhiteElo "1482"]
[BlackElo "1476"]
[PlyCount "44"]
[EventDate "2014.10.02"]

1. e4 e5 2. Nf3 Nc6 3. d4 exd4 4. Nxd4 Bc5 5. Be3 Nxd4 6. Bxd4 Bxd4 7. Qxd4 Qg5
8. Nc3 Ne7 9. Nb5 O-O 10. Nxc7 Nc6 11. Qd5 Qd8 12. Nxa8 d6 13. O-O-O Be6 14.
Qxd6 Qg5+ 15. Kb1 Rxa8 16. a3 Rd8 17. Bb5 Rxd6 18. Rxd6 Qxb5 19. Rhd1 h6 20. f4
Bg4 21. Re1 Qc5 22. Rd7 Bxd7 0-1

[Event "IV Trofeo Giorgio Porreca B"]
[Site "Napoli ITA"]
[Date "2014.11.06"]
[Round "5"]
[White "Di Giovine, Massimo"]
[Black "Pellegrino, Laura"]
[Result "0-1"]
[WhiteElo "1413"]
[BlackElo "1365"]
[PlyCount "118"]
[EventDate "2014.10.02"]

1. d4 d6 2. c4 Nf6 3. Nf3 Nbd7 4. e3 e5 5. dxe5 dxe5 6. a3 Be7 7. b3 O-O 8. Bb2
e4 9. Nfd2 Nc5 10. Be2 c6 11. O-O a6 12. Qc2 b5 13. Nc3 Bf5 14. Rad1 Qc7 15.
Rfe1 Rad8 16. Nf1 Rfe8 17. Ng3 Bg6 18. Qc1 Nxb3 19. Qc2 Nc5 20. cxb5 cxb5 21.
Bf1 Bd6 22. Rc1 Bxg3 23. fxg3 Nd3 24. Bxd3 exd3 25. Qd2 Qa7 26. h3 Nd7 27. Nd1
Nb6 28. Bd4 Qb8 29. Bxb6 Qxb6 30. Nf2 a5 31. Rc3 b4 32. Rb3 Qe6 33. Rbb1 bxa3
34. Ra1 Qd6 35. Kh2 h5 36. h4 Qb4 37. Red1 Qxd2 38. Rxd2 Rxe3 39. Rxa3 Re2 40.
Raa2 Rxd2 41. Rxd2 a4 42. Kg1 a3 43. Kf1 Kf8 44. Ke1 Rd5 45. Ra2 d2+ 46. Kd1
Ra5 47. Kxd2 Bb1 48. Ra1 a2 49. Nd1 Rd5+ 50. Kc1 Rc5+ 51. Kb2 Rc2+ 52. Kb3 Rxg2
53. Nc3 Rxg3 54. Kb2 Rxc3 55. Kxc3 Ke7 56. Kb2 Kf6 57. Rxb1 axb1=Q+ 58. Kxb1
Kf5 59. Kc1 Kg4 0-1

[Event "IV Trofeo Giorgio Porreca B"]
[Site "Napoli ITA"]
[Date "2014.11.06"]
[Round "5"]
[White "Pesce, Giuseppe"]
[Black "Esposito, Luigi"]
[Result "1-0"]
[WhiteElo "1317"]
[BlackElo "1368"]
[PlyCount "71"]
[EventDate "2014.10.02"]

1. e4 e6 2. Nf3 d6 3. Bb5+ Nd7 4. Nc3 Ne7 5. O-O a6 6. Bc4 g6 7. d4 Bg7 8. Bg5
h6 9. Bf4 b6 10. b4 Bb7 11. b5 axb5 12. Bxb5 c6 13. Ba4 b5 14. Bb3 Nb6 15. Qd2
Ba6 16. Rfe1 b4 17. Na4 Nxa4 18. Bxa4 Rb8 19. Rad1 O-O 20. e5 d5 21. Bxh6 Nf5
22. Bxg7 Kxg7 23. Ng5 Qc7 24. Qf4 Rh8 25. g4 Nh6 26. Re3 c5 27. Rf3 Be2 28. c4
Bxd1 29. Bxd1 dxc4 30. Nxe6+ fxe6 31. Qf6+ Kh7 32. Bc2 Rhg8 33. Rh3 Rgf8 34.
Qxg6+ Kh8 35. Rxh6+ Qh7 36. Qxh7# 1-0

[Event "C.to Mondiale U20"]
[Site "Pune IND"]
[Date "2014.10.06"]
[Round "1"]
[White "Codenotti, Marco"]
[Black "Saim, Mohamed Ilias"]
[WhiteElo "2357"]
[BlackElo "2037"]
[Result "1/2-1/2"]
[PlyCount "83"]
[EventDate "2014.10.06"]

1. d4 Nf6 2. c4 e6 3. Nf3 b6 4. g3 Bb7 5. Bg2 Be7 6. O-O O-O 7. Nc3 Ne4 8. Bd2
f5 9. d5 Bf6 10. Rc1 Na6 11. a3 c5 12. dxc6 Bxc6 13. b4 Rc8 14. Nb5 Bxb5 15.
cxb5 Nc7 16. Qa4 Ra8 17. Rc2 a6 18. bxa6 Rxa6 19. Qb3 Nd5 20. b5 Ra7 21. Bb4
Nxb4 22. axb4 Qe7 23. Rfc1 Rfa8 24. Qe3 Ra2 25. Rxa2 Rxa2 26. Qxb6 Rxe2 27.
Qb8+ Kf7 28. b6 Rb2 29. Qc7 Rxb4 30. b7 Qd6 31. Qc8 Qb6 32. Qxd7+ Kg6 33. Rf1
Nc5 34. Qe8+ Kh6 35. Nd2 Nxb7 36. Bxb7 Qxb7 37. Qxe6 Qb5 38. Nf3 Re4 39. Qc8
Qd5 40. Qc1+ Kg6 41. Rd1 Rc4 42. Rxd5 1/2-1/2

[Event "C.to Mondiale U20"]
[Site "Pune IND"]
[Date "2014.10.07"]
[Round "2"]
[White "Krishna Teja, N."]
[Black "Codenotti, Marco"]
[WhiteElo "2049"]
[BlackElo "2357"]
[Result "1/2-1/2"]
[PlyCount "82"]
[EventDate "2014.10.06"]

1. d4 Nf6 2. Nf3 g6 3. c4 Bg7 4. Nc3 d5 5. cxd5 Nxd5 6. e4 Nxc3 7. bxc3 c5 8.
Be3 Qa5 9. Qd2 Nc6 10. Rc1 Bg4 11. dxc5 O-O 12. Be2 Rad8 13. Qb2 Bxf3 14. Bxf3
Nd4 15. Bxd4 Bxd4 16. Qb4 Qxc5 17. Qxc5 Bxc5 18. Ke2 Rd6 19. Rhd1 Ra6 20. Rc2
b6 21. Rd7 Rc8 22. e5 Ra4 23. Bb7 Rb8 24. c4 a5 25. Bd5 Kg7 26. Bc6 Rb4 27. Bb5
Rb1 28. a4 g5 29. h3 Bb4 30. Kf3 h5 31. Re2 Kg6 32. g3 Rb3+ 33. Kg2 Bc5 34. Bc6
Rc3 35. Rc2 Ra3 36. Re2 Rc8 37. Bb7 Rh8 38. Be4+ Kg7 39. Bc6 Rh6 40. Bb5 Re6
41. Rd5 Rg6 1/2-1/2

[Event "C.to Mondiale U20"]
[Site "Pune IND"]
[Date "2014.10.08"]
[Round "3"]
[White "Codenotti, Marco"]
[Black "Siva, Mahadevan"]
[WhiteElo "2357"]
[BlackElo "2141"]
[Result "0-1"]
[PlyCount "51"]
[EventDate "2014.10.06"]

1. e4 e5 2. Nf3 Nc6 3. Bb5 Nf6 4. d3 Bc5 5. O-O O-O 6. Bxc6 bxc6 7. Nxe5 d5 8.
d4 Bb6 9. Nxc6 Qd6 10. exd5 Ba6 11. Nc3 Bxf1 12. Qxf1 Rfe8 13. Bg5 Ne4 14. Bh4
Nxc3 15. bxc3 Re4 16. Bg5 Rae8 17. Be3 Qxd5 18. Nb4 Qe6 19. Rd1 a5 20. d5 Qf6
21. Nc6 Bxe3 22. fxe3 Qxc3 23. Qd3 Rxe3 24. Qxc3 Rxc3 25. Rd2 Re1+ 26. Kf2 0-1

[Event "C.to Mondiale U20"]
[Site "Pune IND"]
[Date "2014.10.09"]
[Round "4"]
[White "Gandhi, Anish"]
[Black "Codenotti, Marco"]
[WhiteElo "2068"]
[BlackElo "2357"]
[Result "1/2-1/2"]
[PlyCount "108"]
[EventDate "2014.10.06"]

1. d4 Nf6 2. c4 g6 3. g3 Bg7 4. Bg2 d5 5. cxd5 Nxd5 6. Nf3 Nb6 7. Nc3 Nc6 8. e3
O-O 9. O-O Re8 10. Re1 a5 11. b3 e5 12. dxe5 Nxe5 13. Nxe5 Bxe5 14. Bb2 Qe7 15.
f4 Bg7 16. Nd5 Nxd5 17. Bxg7 Kxg7 18. Qxd5 c6 19. Qd4+ Qf6 20. Qc5 Qb2 21. Rab1
Qd2 22. Rbd1 Qb4 23. Qd4+ Kg8 24. Qxb4 axb4 25. Rd4 c5 26. Rd2 Ra7 27. Rc1 b6
28. Bc6 Rf8 29. e4 Be6 30. Kf2 Rc8 31. Bb5 Ra5 32. Bd3 Rd8 33. Ke3 Kf8 34. f5
Bc8 35. Bb1 Rxd2 36. Kxd2 Ke7 37. Ke3 Ra7 38. g4 Kf6 39. h4 Ke5 40. Rf1 h6 41.
g5 hxg5 42. hxg5 b5 43. fxg6 fxg6 44. Rf6 Ra6 45. Rf7 Rc6 46. Re7+ Kd6 47. Rg7
c4 48. Rxg6+ Be6 49. Kd4 c3 50. Bc2 Rc8 51. e5+ Ke7 52. Rg7+ Kf8 53. Rg6 Ke7
54. Rg7+ Kf8 1/2-1/2

[Event "C.to Mondiale U20"]
[Site "Pune IND"]
[Date "2014.10.10"]
[Round "5"]
[White "Codenotti, Marco"]
[Black "Roshan, Rangarajan"]
[WhiteElo "2357"]
[BlackElo "2088"]
[Result "1/2-1/2"]
[PlyCount "78"]
[EventDate "2014.10.06"]

1. e4 c5 2. Nf3 g6 3. d4 cxd4 4. Nxd4 Nc6 5. c4 Nf6 6. Nc3 d6 7. Be2 Nxd4 8.
Qxd4 Bg7 9. Be3 O-O 10. Qd2 a5 11. Rd1 a4 12. O-O Qa5 13. Bd4 Be6 14. f4 Rfc8
15. b3 axb3 16. axb3 Bg4 17. e5 Bxe2 18. Qxe2 Nd7 19. Nd5 Kf8 20. exd6 Bxd4+
21. Rxd4 exd6 22. f5 Re8 23. Qf2 g5 24. f6 Re5 25. h4 h6 26. hxg5 hxg5 27. b4
Qa2 28. Qxa2 Rxa2 29. Nc3 Rc2 30. Rxd6 Rxc3 31. Rxd7 Rxc4 32. Rxb7 Kg8 33. b5
Rc2 34. Rf3 Rb2 35. Rb8+ Kh7 36. Rf8 Kg6 37. Rg8+ Kh5 38. Rg7 Rbxb5 39. Rxf7
Rf5 1/2-1/2

[Event "C.to Mondiale U20"]
[Site "Pune IND"]
[Date "2014.10.11"]
[Round "6"]
[White "Dhulipalla, Bala Chandra Prasad"]
[Black "Codenotti, Marco"]
[WhiteElo "2118"]
[BlackElo "2357"]
[Result "0-1"]
[PlyCount "58"]
[EventDate "2014.10.06"]

1. d4 Nf6 2. Bf4 c5 3. e3 Qb6 4. Nc3 d6 5. Rb1 g6 6. h3 Bg7 7. Nf3 O-O 8. Be2
Nbd7 9. O-O a6 10. d5 Qc7 11. a4 Ne5 12. Nd2 e6 13. dxe6 Bxe6 14. Bxe5 dxe5 15.
Bc4 Bd7 16. Qe2 e4 17. Rfd1 Rfe8 18. Nb3 Re5 19. Rd2 Rae8 20. Rbd1 Qc8 21. Nd5
Bxh3 22. gxh3 Qxh3 23. Nxf6+ Bxf6 24. Rd5 Rxd5 25. Rxd5 Be5 26. f4 exf3 27. Qf2
Qg4+ 28. Kh1 Bg3 29. Qd2 Qh3+ 0-1

[Event "C.to Mondiale U20"]
[Site "Pune IND"]
[Date "2014.10.12"]
[Round "7"]
[White "Codenotti, Marco"]
[Black "Iniyan, P."]
[WhiteElo "2357"]
[BlackElo "2151"]
[Result "1-0"]
[PlyCount "81"]
[EventDate "2014.10.06"]

1. e4 c5 2. Nf3 d6 3. d4 cxd4 4. Nxd4 Nf6 5. Nc3 a6 6. h3 e5 7. Nde2 h5 8. g3
Be7 9. Bg2 Be6 10. Be3 Nbd7 11. O-O b5 12. Qd2 Nb6 13. b3 Qc7 14. a4 b4 15. Nd5
Nbxd5 16. exd5 Bf5 17. f4 exf4 18. Rxf4 Qxc2 19. Qe1 Qc8 20. Rc1 Qd7 21. Bb6
Rc8 22. Rxc8+ Qxc8 23. Nd4 Bd7 24. Nc6 Bxc6 25. dxc6 Qe6 26. Qxb4 d5 27. Bc5
Bxc5+ 28. Qxc5 Qe1+ 29. Rf1 Qxg3 30. b4 Qc7 31. Re1+ Kd8 32. b5 axb5 33. axb5
Kc8 34. b6 Qg3 35. Ra1 Qb8 36. c7 Qb7 37. Ra7 Nd7 38. Rxb7 Nxc5 39. Rb8+ Kd7
40. Rxh8 d4 41. c8=Q+ 1-0

[Event "C.to Mondiale U20"]
[Site "Pune IND"]
[Date "2014.10.14"]
[Round "8"]
[White "Chakravarthi Reddy, M."]
[Black "Codenotti, Marco"]
[WhiteElo "2217"]
[BlackElo "2357"]
[Result "0-1"]
[PlyCount "90"]
[EventDate "2014.10.06"]

1. c4 e5 2. Nc3 Nf6 3. Nf3 Nc6 4. a3 e4 5. Ng5 Qe7 6. d4 exd3 7. Nd5 Nxd5 8.
cxd5 Nd4 9. Qxd3 c5 10. dxc6 Nxc6 11. Nxh7 Ne5 12. Qc2 Qc5 13. Qxc5 Bxc5 14.
Ng5 d5 15. Bf4 Nc4 16. O-O-O Bxf2 17. e4 f6 18. Nf3 Be3+ 19. Bxe3 Nxe3 20. Re1
Nxf1 21. exd5+ Kd8 22. Rhxf1 Rh5 23. Rd1 Bf5 24. Rd4 Rc8+ 25. Kd1 Bc2+ 26. Ke2
Bb3 27. g4 Rh3 28. Ke3 Kd7 29. Rf2 Re8+ 30. Kd2 Kd6 31. Ne1 Re5 32. Nd3 Rxd5
33. Rxd5+ Bxd5 34. Nf4 Rh4 35. Ke3 Rxg4 36. Rd2 Rg5 37. h4 Re5+ 38. Kf2 Kc6 39.
Nd3 Rf5+ 40. Kg3 a5 41. Kg4 Rf1 42. Nf2 Be6+ 43. Kf3 b5 44. Kg2 Rc1 45. Nd3 Rc4
0-1